Foreign policy : (Record no. 10243)
[ view plain ]
| 000 -LEADER | |
|---|---|
| fixed length control field | 01667cam a2200349 a 4500 |
| 001 - CONTROL NUMBER | |
| control field | 15001329 |
| 005 - DATE AND TIME OF LATEST TRANSACTION | |
| control field | 20080327095547.0 |
| 008 - FIXED-LENGTH DATA ELEMENTS--GENERAL INFORMATION | |
| fixed length control field | 070910s2008 enkab b 001 0 eng |
| 010 ## - LIBRARY OF CONGRESS CONTROL NUMBER | |
| LC control number | 2007036876 |
| 020 ## - INTERNATIONAL STANDARD BOOK NUMBER | |
| International Standard Book Number | 9780199215294 (alk. paper) |
| 020 ## - INTERNATIONAL STANDARD BOOK NUMBER | |
| International Standard Book Number | 0199215294 (alk. paper) |
| 035 ## - SYSTEM CONTROL NUMBER | |
| System control number | (OCoLC)ocn171287641 |
| 035 ## - SYSTEM CONTROL NUMBER | |
| System control number | (OCoLC)171287641 |
| 040 ## - CATALOGING SOURCE | |
| Original cataloging agency | DLC |
| Transcribing agency | DLC |
| Modifying agency | YDX |
| -- | BTCTA |
| -- | BAKER |
| -- | YDXCP |
| -- | BWK |
| -- | DLC |
| 050 00 - LIBRARY OF CONGRESS CALL NUMBER | |
| Classification number | JZ1305 |
| Item number | .F67 2008 |
| 082 00 - DEWEY DECIMAL CLASSIFICATION NUMBER | |
| Classification number | 327.101 |
| Edition number | 22 |
| 245 00 - TITLE STATEMENT | |
| Title | Foreign policy : |
| Remainder of title | theories, actors, cases / |
| Statement of responsibility, etc | edited by Steve Smith, Amelia Hadfield, and Tim Dunne. |
| 260 ## - PUBLICATION, DISTRIBUTION, ETC. (IMPRINT) | |
| Place of publication, distribution, etc | Oxford [England] ; |
| -- | New York : |
| Name of publisher, distributor, etc | Oxford University Press, |
| Date of publication, distribution, etc | 2008. |
| 300 ## - PHYSICAL DESCRIPTION | |
| Extent | xxvi, 442 p. : |
| Other physical details | ill., maps ; |
| Dimensions | 25 cm. |
| 504 ## - BIBLIOGRAPHY, ETC. NOTE | |
| Bibliography, etc | Includes bibliographical references (p. [407]-427) and index. |
| 650 #0 - SUBJECT ADDED ENTRY--TOPICAL TERM | |
| Topical term or geographic name as entry element | International relations. |
| 650 #0 - SUBJECT ADDED ENTRY--TOPICAL TERM | |
| Topical term or geographic name as entry element | International relations |
| General subdivision | Research. |
| 700 1# - ADDED ENTRY--PERSONAL NAME | |
| Personal name | Smith, Steve, |
| Dates associated with a name | 1952- |
| 700 1# - ADDED ENTRY--PERSONAL NAME | |
| Personal name | Hadfield, Amelia. |
| 700 1# - ADDED ENTRY--PERSONAL NAME | |
| Personal name | Dunne, Timothy, |
| Dates associated with a name | 1965- |
| 906 ## - LOCAL DATA ELEMENT F, LDF (RLIN) | |
| a | 7 |
| b | cbc |
| c | orignew |
| d | 1 |
| e | ecip |
| f | 20 |
| g | y-gencatlg |
| 942 ## - ADDED ENTRY ELEMENTS (KOHA) | |
| Source of classification or shelving scheme | Dewey Decimal Classification |
| Item type | Book - Borrowing |
| Withdrawn status | Item status | Source of classification or shelving scheme | Damaged status | Not for loan | Home library | Current library | Shelving location | Date acquired | Source of acquisition | Total Checkouts | Total Renewals | Full call number | Barcode | Date last seen | Date last borrowed | Koha item type | Materials specified (bound volume or other part) | Vendor |
|---|---|---|---|---|---|---|---|---|---|---|---|---|---|---|---|---|---|---|
| Dewey Decimal Classification | Central Library | Central Library | First floor | 22/10/2008 | Purchase | 15 | 68 | 327.101FOR | 000013593 | 15/07/2025 | 27/05/2024 | Book - Borrowing | ||||||
| Dewey Decimal Classification | Central Library | Central Library | First floor | 22/10/2008 | Purchase | 40 | 150 | 327.101FOR | 000013647 | 15/07/2025 | 18/10/2021 | Book - Borrowing | ||||||
| Lost | Dewey Decimal Classification | Central Library | Central Library | First floor | 16/02/2009 | 4 | 327.101FOR | 000013646 | 23/08/2016 | 16/12/2013 | NB - Book (Non borrowing) | Lost In Inventory_2017-8-25 |